000 02999cam a22004814i 4500
003 PE-LiUPU
005 20250731173412.0
008 150706s r 000 0 d
020 _a9788482673394
035 _a(Sirsi) i9788482673394
040 _aPE-LiUPU
_bspa
_cPE-LiUPU
_erda
049 _aPRUA
082 0 4 _a248.4
_bN35
_221
100 1 _aNee, Watchman,
_eautor.
245 1 3 _aEl hombre espiritual /
_cWatchman, Nee.
264 1 _aBarcelona :
_bEditorial Clie,
_c2005.
300 _a637 páginas ;
_c23 cm.
336 _atext
_2rdacontent
337 _aunmediated
_2rdamedia
338 _avolume
_2rdacarrier
505 0 _aEspíritu, alma y cuerpo -- El espíritu y el alma -- La caída del hombre -- La salvación -- La carne -- La carne y la salvación -- El creyente carnal -- La cruz y el Espíritu Santo -- La jactancia de la carne -- La actitud definitiva del creyente con la carne -- El alma -- La liberación del pecado y la vida del alma -- La experiencia de los creyentes anímicos -- Los peligros de la vida anímica -- La cruz y el alma -- Los creyentes espirituales y el alma -- Análisis del Espíritu -- El espíritu -- El Espíritu Santo y el espíritu del creyente -- El hombre espiritual -- La obra espiritual -- Oración y combate -- Un análisis del espíritu -- La intuición -- La comunión -- La conciencia -- Andando según el Espíritu -- Los peligros de la vida espiritual -- Las leyes del espíritu -- El principio de la mente en ayuda del espíritu -- La normalidad del espíritu -- El análisis de la emoción del alma -- El creyente y la emoción -- El afecto -- Los deseos -- Una vida de sentimiento -- La vida de fe -- El análisis del alma: La mente -- La mente, un campo de batalla -- Los fenómenos de una mente pasiva -- Los métodos de la liberación -- Las leyes de la mente -- El análisis del alma: la voluntad -- La voluntad del creyente -- La pasividad y sus peligros -- La equivocación del creyente -- El camino hacia la libertad -- EL cuerpo -- El creyente y su cuerpo -- La enfermedad -- Dios como la vida del cuerpo -- Venciendo a la muerte.
526 _aSEG42
526 _aSEG41
526 _aSEG40
526 _aSEG39
526 _aP94
526 _aP87
526 _aP86
526 _aP85
526 _aP77
526 _aP76
526 _aP35
541 _g001-0000558;
650 0 4 _aVida cristiana.
650 0 4 _aEspiritualidad.
700 1 _aVila Ventura, Samuel,
_etr.
910 _agl
_cjck
_d20111201
942 _2ddc
_cBOOK
949 _a248.4 N35
_wDEWEY
_c1
_i64091
_lCCODEBUL1
_mBUL
_p27.00
_r0
_sY
_tBOOK
_u2015-7-6
_xTEOLOGIA
_PP35
_o.STAFF. Colección General
994 _aC0
_bPEPRU
596 _a1
999 _a248.4 N35
_wDEWEY
_c52931
_i64091
_d52931
_e2019-7-11
_f2021-11-10
_g5
_lCCODEBUL1
_mBUL
_n1
_p27.00
_q3
_r0
_sY
_tBOOK
_u2015-7-6
_xTEOLOGIA
_PP35
_0COMPRA
_o.STAFF. Colección General
980 _81
_gALBERTO SANCHEZ Responsable de Automatización